000 01693nam a2200373 a 4500
001 ebr10486507
003 CaPaEBR
006 m u
007 cr cn|||||||||
008 110809s2011 gw c sb 100 0 eng d
010 _z 2011290632
020 _z9783866531840 (pbk. : alk. paper)
020 _z3866531842 (pbk. : alk. paper)
020 _z9783866539457 (e-book)
040 _aCaPaEBR
_cCaPaEBR
035 _a(OCoLC)746154413
043 _ae------
050 1 4 _aKJC2320
_b.P75 2011eb
245 0 0 _aPrinciples of European insurance contract law
_h[electronic resource] :
_ba model optional instrument : with a postscript in honour of Fritz Reichert-Facilides /
_cedited by Helmut Heiss ; in co-operation with Mandeep Lakhan ; on behalf of the Project Group Restatement of European Insurance Contract Law.
260 _aMunich :
_bSellier European Law Publishers,
_cc2011.
300 _aviii, 152 p. :
_bport.
500 _a"The conference in Vienna was made possible ..."--T.p., verso.
504 _aIncludes bibliographical references.
533 _aElectronic reproduction.
_bPalo Alto, Calif. :
_cebrary,
_d2013.
_nAvailable via World Wide Web.
_nAccess may be limited to ebrary affiliated libraries.
650 0 _aInsurance law
_zEurope.
650 0 _aContracts
_zEurope.
655 7 _aElectronic books.
_2local
700 1 _aHeiss, Helmut.
700 1 _aLakhan, Mandeep.
700 1 _aReichert-Facilides, Fritz.
710 2 _aProject Group "Restatement of European Insurance Contract Law."
710 2 _aebrary, Inc.
856 4 0 _uhttp://site.ebrary.com/lib/rucke/Doc?id=10486507
_zAn electronic book accessible through the World Wide Web; click to view
999 _c124377
_d124377